00478nam a22001577a 450000500170000000800410001702000150005804100120007308200140008510000260009924500700012525000200019526000470021530000330026265000250029520231103064439.0231103b |||||||| |||| 00| 0 eng d a0702158097 aEnglish a346.6 GIB aGibson, JTRlEnglish  aGibson : South African Mercantile and Company Law / cJTR Gibson  aEighth Edition  aCape Town : bJuta and Company Ltd,c2003  blviii, 768 pages ; c25 cm.  aLegal practice bLaw